La reforestación en Colombia (Registro nro. 6867)
[ vista simple ]
| 000 -LEADER | |
|---|---|
| fixed length control field | 01950cam a2200289 a 4500 |
| 003 - CONTROL NUMBER IDENTIFIER | |
| control field | OSt |
| 005 - DATE AND TIME OF LATEST TRANSACTION | |
| control field | 20200921123853.0 |
| 008 - FIXED-LENGTH DATA ELEMENTS--GENERAL INFORMATION | |
| fixed length control field | 090611s2007 ck abd r 000 0 spa d |
| 020 ## - INTERNATIONAL STANDARD BOOK NUMBER | |
| International Standard Book Number | 9789584422477 |
| 040 ## - CATALOGING SOURCE | |
| Original cataloging agency | CO-BoPUJ |
| Transcribing agency | CO-JMCR |
| 041 0# - LANGUAGE CODE | |
| Language code of text/sound track or separate title | spa |
| 082 04 - DEWEY DECIMAL CLASSIFICATION NUMBER | |
| Classification number | 333.75153 / |
| Item number | B533r |
| Edition number | 23 |
| 100 1# - MAIN ENTRY--PERSONAL NAME | |
| Personal name | Berrío Moreno, Jorge, |
| Relator term | autor |
| 9 (RLIN) | 10569 |
| 245 13 - TITLE STATEMENT | |
| Title | La reforestación en Colombia |
| Remainder of title | visión de futuro |
| Statement of responsibility, etc. | Jorge Berrío Moreno, Alfondo Davíla Ortiz, Victor Giraldo Toro ; prólogo Alejandra Ospitia Murcia, [otros 5]. |
| 260 ## - PUBLICATION, DISTRIBUTION, ETC. | |
| Place of publication, distribution, etc. | Bogotá : |
| Name of publisher, distributor, etc. | Fedemaderas : |
| -- | Fundación Konrad Adenauer, |
| Date of publication, distribution, etc. | 2007. |
| 300 ## - PHYSICAL DESCRIPTION | |
| Extent | 130 páginas : |
| Other physical details | ilustraciones, cuadros y mapas ; |
| Dimensions | 24 cm. |
| 504 ## - BIBLIOGRAPHY, ETC. NOTE | |
| Bibliography, etc. note | Incluye referencias bibliográficas páginas 130. |
| 505 0# - FORMATTED CONTENTS NOTE | |
| Title | Acerca de la historia y el estado actual de la reforestación comercial en Colombia. / |
| Statement of responsibility | Jorge Berrío Moreno. -- |
| Title | Una aventura forestal de medio siglo. / |
| Statement of responsibility | Alfonso Dávila Ortiz -- |
| Title | Beneficios sociales de las plantaciones forestales y su potencial para aportar a la construcción de la paz. / |
| Statement of responsibility | Victor Giraldo Toro. -- |
| Title | El impacto ambiental de las plantaciones forestales. / |
| Statement of responsibility | Raúl Jaime Hernández Restrepo. -- |
| Title | ¿Puede la humanidad proveerse de productos forestales con base solamente en sus plantaciones? / |
| Statement of responsibility | Enrique Camacho Montamoros. -- |
| Title | Financiamiento en el sector forestal. / |
| Statement of responsibility | Diego Lozano Cifuentes. -- |
| Title | Incentivos forestales en Brasil y Chile. / |
| Statement of responsibility | Octavio López Gómez. -- |
| Title | Incentivos para la reforestación comercial en Colombia. / |
| Statement of responsibility | Israel Acosta contreras. |
| 650 14 - SUBJECT ADDED ENTRY--TOPICAL TERM | |
| Topical term or geographic name entry element | Forestación |
| Geographic subdivision | Colombia |
| 9 (RLIN) | 10570 |
| 650 24 - SUBJECT ADDED ENTRY--TOPICAL TERM | |
| Topical term or geographic name entry element | Explotación forestal |
| Geographic subdivision | Colombia |
| 9 (RLIN) | 10571 |
| 650 24 - SUBJECT ADDED ENTRY--TOPICAL TERM | |
| Topical term or geographic name entry element | Conservación de bosques |
| Geographic subdivision | Colombia |
| 9 (RLIN) | 10572 |
| 700 1# - ADDED ENTRY--PERSONAL NAME | |
| Personal name | Davila Ortiz, Alfonso, |
| Relator term | autor |
| 9 (RLIN) | 10573 |
| 700 1# - ADDED ENTRY--PERSONAL NAME | |
| Personal name | Giraldo Toro, Victor, |
| Relator term | autor |
| 9 (RLIN) | 10574 |
| 700 1# - ADDED ENTRY--PERSONAL NAME | |
| Personal name | Ospitia Murcia, Alejandra |
| Relator term | prologuista |
| 9 (RLIN) | 10575 |
| 710 2# - ADDED ENTRY--CORPORATE NAME | |
| Corporate name or jurisdiction name as entry element | Federación Nacional de Industriales de la Madera |
| 9 (RLIN) | 10576 |
| 942 ## - ADDED ENTRY ELEMENTS (KOHA) | |
| Source of classification or shelving scheme | Dewey Decimal Classification |
| Koha item type | Books |
| Withdrawn status | Lost status | Source of classification or shelving scheme | Damaged status | Not for loan | Home library | Current library | Shelving location | Date acquired | Source of acquisition | Total Checkouts | Full call number | Barcode | Date last seen | Date last checked out | Copy number | Price effective from | Koha item type |
|---|---|---|---|---|---|---|---|---|---|---|---|---|---|---|---|---|---|
| Dewey Decimal Classification | Biblioteca Pública José María del Castillo y Rada | Biblioteca Pública José María del Castillo y Rada | General Stacks | 04/15/2018 | Donación | 2 | 333.75153 / B533r | 201809792 | 09/03/2025 | 08/28/2025 | Ej.1 | 04/15/2018 | Books |